=LDR 00000nam 2200000 4500 =001 INLIS000000000021273 =005 20130612120137 =008 ***********************************Ind** =035 ##$$0010-061300000021273 =041 ##$$a Ind =082 ##$$a 909.076 =090 ##$$a 909.076, Wil t =100 ##$$a Williams, Brian =245 ##$$a Tanyajawab ensiklopedi sejarah dunia, Brian William =260 ##$$a 2005 $b Jakarta =300 ##$$a 40 hlm, ilus, 21 cm =650 ##$$a Sejatah Dunia =850 ##$$a NBPNMAT